000
00276nam a22001217a 4500
082
_a
823
_b
DAT/N
100
_a
DATTA,DURJOY
245
_a
NOW THAT YOU' RE RICH
260
_a
HARYANA
_b
PENGUIN RANDOM HOUSE GROUP
300
_a
218
650
_a
NOVEL- ENGLISH
_z
INDIA
942
_c
BK
999
_c
3137
_d
3137